| 000 | 00000nam 2200000za 4500 |
| 001 | 9.821465 |
| 003 | CaOODSP |
| 005 | 20240906105401 |
| 007 | cr ||||||||||| |
| 008 | 150407s2012 quc|||| o f00| 0 fre d |
| 040 | |aCaOODSP|bfre |
| 043 | |an-cn--- |
| 086 | 1 |aP26-4/2012F-PDF |
| 245 | 00|aTPSGC norme nationale CDAO |h[ressource électronique] : |bconception et dessin assisté par ordinateur. |
| 250 | |aRévisé août 2012. |
| 260 | |a[Gatineau] : |bTravaux publics et Services gouvernementaux Canada, |c2012. |
| 300 | |a63 p. : |bfigures, tableaux |
| 500 | |aPublié aussi en anglais sous le titre : PWGSC national CADD standard : computer-aided design and drafting. |
| 500 | |a« Novembre 2011 (révisé août 2012). » |
| 520 | |aCette norme s’adresse à tous les services qui produisent des fichiers de dessin pour TPSGC, que ce soit un service de CDAO interne à TPSGC ou un expert-conseil. |
| 692 | 07|2gccst|aSystème informatique |
| 692 | 07|2gccst|aConception |
| 710 | 1 |aCanada. |bTravaux publics et services gouvernementaux Canada. |
| 775 | 08|tPWGSC national CADD standard |w(CaOODSP)9.821462 |
| 794 | |tSPAC norme nationale CDAO : |b[Édition de 2017]|w(CaOODSP)9.912466 |
| 795 | |tTPSGC norme nationale CDAO |b2007|w(CaOODSP)9.636240 |
| 856 | 40|qPDF|s443 Ko|uhttps://publications.gc.ca/collections/collection_2016/spac-pspc/P26-4-2012-fra.pdf |